| 000 | 00674nam a22002057a 4500 | ||
|---|---|---|---|
| 003 | OSt | ||
| 005 | 20171017153246.0 | ||
| 008 | 171017s2016 spca||| |||| 0|0 0 spa|d | ||
| 020 | _a9788461762156 | ||
| 040 |
_aES-BaCBU _bcat _cCDMR |
||
| 100 | 1 |
_aAyestaran, Mikel, _d1975- |
|
| 245 | 1 | 0 |
_aGuerras de ayer y de hoy _c/ conversación entre Mikel Ayestarán y Ramón Lobo ; ilustraciones de Cinta Fosch |
| 260 |
_aBarcelona : _bColectivo 5W, _c2016 |
||
| 300 |
_a138 p. : _bil. ; _c16 cm |
||
| 650 | 4 | _aGuerra en els mitjans de comunicació de massa | |
| 650 | 0 | 4 |
_aCorresponsals de guerra _92560 |
| 700 | 1 |
_aLobo, Ramón, _d1955- |
|
| 700 | 1 |
_aFosch, Cinta, _eil. |
|
| 942 | _cMON | ||
| 999 |
_c7065 _d7065 |
||